Researching entrepreneurship

The book is targeted at doctoral students and other relative newcomers to the field of entrepreneurship research. However, taking a fresh, reflective perspective and looking beyond research conventions, it should provide potential for inspiration and food for thought also for experienced entrepreneu...

Celý popis

Uloženo v:
Podrobná bibliografie
Hlavní autor: Davidsson, Per
Médium: Kniha
Jazyk:Undetermined
Vydáno: Boston Springer 2004
Témata:
Tagy: Přidat tag
Žádné tagy, Buďte první, kdo otaguje tento záznam!
Thư viện lưu trữ: Trung tâm Học liệu Trường Đại học Cần Thơ
LEADER 00849nam a2200205Ia 4500
001 CTU_227600
008 210402s9999 xx 000 0 und d
082 |a 338.6 
082 |b D253 
100 |a Davidsson, Per 
245 0 |a Researching entrepreneurship 
245 0 |c Per Davidsson 
260 |a Boston 
260 |b Springer 
260 |c 2004 
520 |a The book is targeted at doctoral students and other relative newcomers to the field of entrepreneurship research. However, taking a fresh, reflective perspective and looking beyond research conventions, it should provide potential for inspiration and food for thought also for experienced entrepreneurship researchers. 
650 |a Doanh nhân,Entrepreneurship 
650 |x Nghiên cứu,Research 
910 |b dqhieu 
980 |a Trung tâm Học liệu Trường Đại học Cần Thơ